| 000 | 02179cam a2200361 i 4500 | ||
|---|---|---|---|
| 001 | 14714780 | ||
| 003 | EG-ScBUE | ||
| 005 | 20260125100043.0 | ||
| 008 | 070125s2007 ne a b 001 0 eng | ||
| 020 | _a9780120887941 (hard cover : alk. paper) | ||
| 035 | _a(OCoLC)ocm81252684 | ||
| 035 | _a(OCoLC)81252684 | ||
| 040 |
_aDNLM/DLC _beng _erda _cDLC _dNLM _dBAKER _dC#P _dIXA _dAGL _dYDXCP _dBTCTA _dOHX _dDLC |
||
| 082 | 0 | 4 |
_222 _a572.86 _bMUS |
| 100 | 1 |
_aMushegian, Arcady R., _eauthor. |
|
| 245 | 1 | 0 |
_aFoundations of comparative genomics / _cArcady R. Mushegian. |
| 264 | 1 |
_aAmsterdam ; _aBoston : _bAcademic Press, _c[2007] |
|
| 264 | 4 | _cc2007 | |
| 300 |
_aix, 265 pages : _billustrations ; _c27 cm |
||
| 336 |
_2rdacontent _atext _btxt |
||
| 337 |
_aunmediated _2rdamedia _bn |
||
| 338 |
_avolume _bnc _2rdacarrier |
||
| 504 | _aIncludes bibliographical references and index. | ||
| 505 | 0 | _aThe beginning of computational genomics -- Finding sequence similarities -- Homology: can we get it right? -- Getting ready for the era of comparative genomics: the importance of viruses -- The first fact of comparative genomics: protein sequences are remarkably resilient in evolution -- The second fact of comparative genomics: functional convergence at the molecular level -- Prediction of function and reconstruction of metabolism from genomic data: homology-based approaches -- Prediction of function and reconstruction of metabolism: post-homology approaches -- Structural genomics: what does it tell us about life? -- How many protein families are there? -- Phylogenetic inference and the era of complete genomes -- Two stories about evolution -- Minimal and ancestral genomes -- Comparative genomics and systems biology. | |
| 650 | 7 |
_aGenomics. _2BUEsh |
|
| 650 | 7 |
_aGene mapping. _2BUEsh |
|
| 650 | 7 |
_aPhysiology, Comparative. _2BUEsh |
|
| 655 | _vReading book | ||
| 856 | 4 | 1 |
_3Table of contents only _uhttp://www.loc.gov/catdir/toc/ecip079/2007003418.html |
| 856 | 4 | 2 |
_3Publisher description _uhttp://www.loc.gov/catdir/enhancements/fy0707/2007003418-d.html |
| 942 |
_2ddc _cBB |
||
| 999 |
_c10816 _d10816 |
||